[Event "FRA-ch Youth 2017"]
[Site "Belfort"]
[Date "2017.04.19"]
[Round "5"]
[White "Retailleau, Elise"]
[Black "Leriche, Ines"]
[Result "1-0"]
[WhiteElo "1946"]
[BlackElo "2037"]
[Annotator "NA"]
[PlyCount "73"]
[EventDate "2017.??.??"]
[EventCountry "FRA"]
[SourceTitle "playchess.com"]
[Source "ChessBase"]
[SourceQuality "1"]
[TimeControl "5400+30"]

1. e4 {[%emt 0:00:00]} c5 {[%emt 0:00:11]} 2. Nf3 {[%emt 0:00:01]} g6 {[%emt 0:00:11]} 3. d4 {[%emt 0:01:05]} cxd4 {[%emt 0:00:13]} 4. Nxd4 {[%emt 0:00:20]} Nc6 {[%emt 0:00:14]} 5. c4 {[%emt 0:00:31]} Bg7 {[%emt 0:00:15]} 6. Be3 {[%emt 0:00:29]} Nf6 {[%emt 0:00:40]} 7. Nc3 {[%emt 0:00:49]} O-O {[%emt 0:00:24]} 8. Be2 {[%emt 0:00:43]} d6 {[%emt 0:00:18]} 9. O-O {[%emt 0:01:06]} Nxd4 {[%emt 0:00:33]} 10. Bxd4 {[%emt 0:00:38]} ({But not} 10. Qxd4 Ng4 11. Qd3 Nxe3 12. Qxe3 b6 $11) 10... Bd7 {[%emt 0:00:22]} 11. Qd2 {[%emt 0:01:06]} Bc6 {[%emt 0:00:28]} 12. f3 {[%emt 0:00:36]} a5 {[%emt 0:00:37]} 13. b3 {[%emt 0:00:52]} Nd7 {[%emt 0:00:51]} 14. Be3 {[%emt 0:00:40]} Nc5 {[%emt 0:00:36]} 15. Rac1 {[%emt 0:00:49]} e6 {[%emt 0:00:57] B38: Sicilian: Maroczy Bind with 5...Bg7 and 7...0-0} 16. Rfd1 {[%emt 0:01:02]} Be5 {[%emt 0:00:38] LiveBook: 8 Games} 17. Bf1 {[%emt 0:00:35]} (17. Rc2 Qe7 18. Nb5 Qh4 19. g3 Bxg3 20. hxg3 Qxg3+ 21. Kf1 Nxe4 22. Qd3 f5 23. Nd4 f4 24. Nxc6 fxe3 25. Qxe3 Rf4 26. Nd4 Rh4 27. Qg1 Rh1 {0-1 (27) Lupulescu,C (2618)-Iturrizaga Bonelli,E (2650) Baku 2016}) 17... Qe7 {[%emt 0:15:01]} 18. Nb5 {[%emt 0:02:06]} b6 {[%emt 0:05:24] [#]} 19. Bg5 $1 {[%emt 0:10:30]} ({Don't consider} 19. Nxd6 $2 Rfd8 20. Nc8 {[#]} Bxh2+ $1 {[%mdl 512]} 21. Kh1 Raxc8 $19) 19... f6 {[%emt 0:44:21]} 20. Be3 $146 {[%emt 0:20:27]} (20. Bh6 Rfd8 21. f4 Bxb5 22. cxb5 Nxe4 23. Qe3 {1-0 (42) Nasuta,G (2448)-Mladek,R (2024) London 2016}) 20... Bxb5 {[%emt 0:01:59]} (20... g5 $14) 21. cxb5 {[%emt 0:00:52]} g5 {[%emt 0:07:41]} 22. g3 {[%emt 0:09:53]} Qg7 $18 {[%emt 0:17:31]} (22... Kh8 $16 23. Bc4 h6) 23. Qg2 {[%emt 0:08:00]} Rad8 {[%emt 0:01:56]} 24. Rc2 {[%emt 0:04:14]} f5 {[%emt 0:00:16]} 25. f4 {[%emt 0:02:28]} Bf6 {[%emt 0:00:48]} 26. exf5 {[%emt 0:00:51]} exf5 {[%emt 0:00:26]} 27. Qd5+ {[%emt 0:01:27]} Kh8 {[%emt 0:00:32]} 28. Qxf5 {[%emt 0:00:54]} Bd4 {[%emt 0:00:33]} 29. Bxd4 {[%emt 0:00:30]} Rxf5 {[%emt 0:00:31]} 30. Bxg7+ {[%emt 0:00:07]} Kxg7 {[%emt 0:00:08]} 31. fxg5 {[%emt 0:01:10]} Rxg5 {[%emt 0:00:10]} 32. Bc4 {[%emt 0:04:40]} h5 {[%emt 0:00:51]} 33. Rf2 {[%emt 0:02:31]} h4 {[%emt 0:00:46]} 34. Rf7+ {[%emt 0:01:53]} Kg6 {[%emt 0:00:35]} 35. Rdf1 {[%emt 0:02:04]} Nd7 {[%emt 0:00:32]} 36. Bd3+ {[%emt 0:00:32]} Kh6 {[%emt 0:00:25]} 37. Rh7# 1-0

[Event "FRA-ch Youth 2017"]
[Site "Belfort"]
[Date "2017.04.19"]
[Round "5"]
[White "Gospodaru, Teodora"]
[Black "De Talance, Berenice"]
[Result "1/2-1/2"]
[WhiteElo "1827"]
[BlackElo "1757"]
[Annotator "NA"]
[PlyCount "21"]
[EventDate "2017.??.??"]
[EventCountry "FRA"]
[SourceTitle "playchess.com"]
[Source "ChessBase"]
[SourceQuality "1"]
[TimeControl "40/5400+30:1800+30"]

1. d4 {[%emt 0:00:47]} Nf6 {[%emt 0:08:17]} 2. c4 {[%emt 0:01:19]} c5 {[%emt 0:00:12]} 3. d5 {[%emt 0:00:12]} b5 {[%emt 0:00:04]} 4. Qc2 {[%emt 0:00:39]} bxc4 {[%emt 0:00:24]} 5. e4 {[%emt 0:00:34]} e6 {[%emt 0:00:04]} 6. Nc3 {[%emt 0:19:55]} exd5 {[%emt 0:02:26]} 7. e5 {[%emt 0:01:39]} Ng4 {[%emt 0:01:05]} 8. Nxd5 {[%emt 0:05:18]} d6 {[%emt 0:16:33]} 9. Qe4 {[%emt 0:24:13]} Be6 {[%emt 0:12:50]} 10. Nf4 {[%emt 0:07:57]} d5 {[%emt 0:03:32]} 11. Nxe6 {[%emt 0:00:19]} 1/2-1/2

[Event "FRA-ch Youth 2017"]
[Site "Belfort"]
[Date "2017.04.19"]
[Round "5"]
[White "Bellahcene, Anissa"]
[Black "Afraoui, Anaelle"]
[Result "0-1"]
[WhiteElo "1806"]
[BlackElo "1977"]
[Annotator "NA"]
[PlyCount "64"]
[EventDate "2017.??.??"]
[EventCountry "FRA"]
[SourceTitle "playchess.com"]
[Source "ChessBase"]
[SourceQuality "1"]
[TimeControl "5400+30"]

{[%evp 8,48,-6,32767,11,32767,-52,-35,-15,-9,-14,-75,-80,32767,-80,-101,-89,-85,-78,-69,-36,-33,-23,-25,8,-67,-12,-17,-10,-243,32767,32767,-84,-106,-109,32767,-98,-113,32767,32767,32767,32767,-54]} 1. e4 {[%emt 0:00:04]} c5 {[%emt 0:00:08]} 2. c3 {[%emt 0:00:26]} Nf6 {[%emt 0:00:16]} 3. e5 {[%emt 0:01:09]} Nd5 {[%emt 0:00:24]} 4. d4 {[%emt 0:00:45]} cxd4 {[%emt 0:00:20]} 5. Qxd4 {[%emt 0:00:51]} Nb6 {[%emt 0:04:34] B22: Sicilian: 2 c3} (5... e6 6. Nf3 Nc6 7. Qe4 f5 8. exf6 Nxf6 9. Qh4 Be7 10. Bd3 O-O 11. Bg5 h6 12. Bxh6 gxh6 13. Qg3+ Kh8 14. Qg6 Bd6 15. Qxh6+ Kg8 16. Qg6+ Kh8 17. Qh6+ Kg8 18. Qg6+ Kh8 {½-½ (18) Hamdouchi,H (2627)-Bauer,C (2682) Pau 2012}) 6. Bd3 {[%emt 0:02:06]} Nc6 {[%emt 0:03:15]} 7. Qe4 {[%emt 0:00:15]} g6 $146 {[%emt 0:01:48]} (7... d5 8. exd6 Qxd6 9. Bf4 Qd5 10. Nf3 Bg4 11. Nbd2 Rd8 12. Be2 e6 13. Qxd5 Nxd5 {½-½ (56) Majstr,J (1870)-Fric,P (2003) Czechia 2010}) 8. Qe2 {[%emt 0:12:56]} Bg7 {[%emt 0:03:54]} 9. f4 {[%emt 0:03:21]} (9. Nf3 $11) 9... d6 {[%emt 0:04:25]} 10. exd6 {[%emt 0:03:27]} Qxd6 {[%emt 0:00:12]} 11. Nf3 {[%emt 0:01:24]} O-O {[%emt 0:03:15]} 12. O-O {[%emt 0:02:14]} Rd8 {[%emt 0:03:12]} 13. Bc2 {[%emt 0:03:44]} Be6 {[%emt 0:06:17]} 14. Na3 {[%emt 0:06:17]} Rac8 {[%emt 0:06:39]} 15. Ng5 {[%emt 0:07:17]} Bd5 {[%emt 0:09:58]} 16. Bb3 {[%emt 0:07:41]} (16. Re1 $11) 16... Bxb3 {[%emt 0:05:14]} 17. axb3 {[%emt 0:00:05]} Qd3 {[%emt 0:02:02]} 18. Qg4 $2 {[%emt 0:07:44]} (18. Qxd3 $11 Rxd3 19. Ne4) 18... Nd5 {[%emt 0:06:33]} 19. Rd1 Ne3 {[%emt 0:00:46]} (19... Nf6 $19 20. Rxd3 Nxg4) 20. Bxe3 {[%emt 0:07:04]} Qxe3+ {[%emt 0:00:10]} 21. Kh1 {[%emt 0:00:47] [#]} Qf2 $1 {[%emt 0:10:32]} 22. Nc4 {[%emt 0:04:51]} b5 {[%emt 0:03:06]} 23. Na5 {[%emt 0:05:19]} Nxa5 {[%emt 0:02:12]} 24. Rxa5 {[%emt 0:00:05] [#]} Rxd1+ $15 {[%emt 0:00:15]} (24... Qxf4 $1 $19 {[%mdl 512] ( -> ...Be5)} 25. Qe2 (25. Qxf4 Rxd1+) 25... Qxg5) 25. Qxd1 {[%emt 0:00:20]} Qxb2 {[%emt 0:05:38]} 26. Rxa7 {[%emt 0:01:53]} Rxc3 {[%emt 0:01:57]} 27. Ra8+ {[%emt 0:09:17]} Bf8 {[%emt 0:00:12]} 28. Rxf8+ {[%emt 0:02:59]} Kxf8 {[%emt 0:00:08]} 29. Qd8+ {[%emt 0:00:10]} Kg7 {[%emt 0:00:10]} 30. Ne6+ {[%emt 0:00:20]} Kh6 {[%emt 0:02:46]} 31. Qf8+ {[%emt 0:01:32]} Kh5 {[%emt 0:00:11]} 32. Ng7+ {[%emt 0:01:20]} Kg4 {[%emt 0:00:35]} 0-1

[Event "FRA-ch Youth 2017"]
[Site "Belfort"]
[Date "2017.04.19"]
[Round "5"]
[White "Mars, Fiona"]
[Black "Fretel, Liza"]
[Result "0-1"]
[WhiteElo "1799"]
[BlackElo "1801"]
[Annotator "NA"]
[PlyCount "84"]
[EventDate "2017.??.??"]
[EventCountry "FRA"]
[SourceTitle "playchess.com"]
[Source "ChessBase"]
[SourceQuality "1"]
[TimeControl "5400+30"]

1. Nf3 {[%emt 0:00:00]} Nf6 {[%emt 0:00:43]} 2. e3 {[%emt 0:00:00]} g6 {[%emt 0:02:16]} 3. d4 {[%emt 0:01:55]} c5 {[%emt 0:02:01]} 4. Be2 {[%emt 0:01:05]} Bg7 {[%emt 0:01:36]} 5. O-O {[%emt 0:00:37]} O-O {[%emt 0:01:53]} 6. b3 {[%emt 0:01:49] A48: 1 d4 Nf6 2 Nf3 g6: Torre, London and Colle Systems} (6. dxc5 Qa5 7. a3 Qxc5 8. b4 Qc7 9. Bb2 d5 10. Nbd2 Bg4 11. Rc1 Nbd7 12. c4 dxc4 13. Rxc4 Qb8 {1-0 (50) Wojtaszek,R (2749)-Volokitin,A (2649) Doha 2016}) 6... cxd4 {[%emt 0:02:46]} 7. exd4 {[%emt 0:00:55] LiveBook: 12 Games} b6 {[%emt 0:03:12]} 8. Bb2 {[%emt 0:03:57]} Ba6 {[%emt 0:02:37]} 9. Nbd2 {[%emt 0:34:44]} d5 {[%emt 0:06:46]} 10. Re1 $146 {[%emt 0:04:00]} (10. Bxa6 Nxa6 11. Qe2 Nb8 12. Rfe1 e6 13. Ne5 Qc8 14. c4 Qb7 15. a4 Nc6 16. Ndf3 {0-1 (35) Frometa Castillo,Z (2128)-Delgado Ramos,H (2460) Panama City 2013}) 10... Re8 {[%emt 0:03:05]} 11. Ne5 {[%emt 0:03:54]} Bxe2 {[%emt 0:03:37]} 12. Qxe2 {[%emt 0:00:57]} e6 {[%emt 0:03:47]} 13. Ndf3 {[%emt 0:09:07]} Ne4 {[%emt 0:02:38]} 14. c4 {[%emt 0:10:00]} f6 {[%emt 0:02:20]} 15. cxd5 {[%emt 0:06:21]} exd5 {[%emt 0:00:13]} 16. Nd3 {[%emt 0:00:27]} Nc6 {[%emt 0:03:29]} 17. Qd1 {[%emt 0:00:51]} Rc8 {[%emt 0:05:12]} 18. Rc1 {[%emt 0:00:59]} Qd7 {[%emt 0:01:02]} 19. Rc2 {[%emt 0:02:42]} g5 $11 {[%emt 0:08:47]} 20. Rce2 {[%emt 0:07:01]} Nd6 {[%emt 0:09:16]} 21. Rxe8+ {[%emt 0:03:44]} Rxe8 {[%emt 0:00:31]} 22. Rxe8+ {[%emt 0:00:17]} Qxe8 {[%emt 0:00:17]} 23. Ba3 {[%emt 0:00:25]} Nb5 {[%emt 0:00:47]} 24. Bb2 {[%emt 0:00:41]} Qe4 {[%emt 0:01:23]} 25. Nde1 {[%emt 0:00:43]} g4 {[%emt 0:05:34]} 26. Nd2 {[%emt 0:00:28]} Qf4 {[%emt 0:03:59]} 27. g3 {[%emt 0:01:06]} Qf5 {[%emt 0:00:45]} 28. Nc2 {[%emt 0:00:21]} Qd3 {[%emt 0:01:58]} 29. Ne1 {[%emt 0:01:12]} Qg6 {[%emt 0:00:06]} 30. Nc2 {[%emt 0:00:54]} f5 {[%emt 0:00:21]} 31. Nf1 {[%emt 0:00:43]} Qe6 {[%emt 0:03:10]} 32. Qd3 {[%emt 0:01:31]} Nd6 {[%emt 0:02:08]} 33. Nd2 {[%emt 0:00:12]} Bh6 {[%emt 0:06:25]} 34. Qc3 {[%emt 0:02:11]} Ne7 {[%emt 0:02:15]} 35. Ne3 {[%emt 0:00:55]} f4 {[%emt 0:00:58]} 36. Ng2 {[%emt 0:00:32]} f3 {[%emt 0:01:03]} 37. Ne3 {[%emt 0:00:16]} Ne4 {[%emt 0:00:55]} 38. Nxe4 {[%emt 0:00:24]} Qxe4 {[%emt 0:00:15]} 39. Qc1 {[%emt 0:00:36]} Qe6 {[%emt 0:01:34]} 40. Qc3 {[%emt 0:00:49]} Qg6 {[%emt 0:02:15]} 41. Qc2 {[%emt 0:00:27]} Qh5 {[%emt 0:00:58]} 42. Bc1 {[%emt 0:00:31]} Qh3 {[%emt 0:00:24]} 0-1

[Event "FRA-ch Youth 2017"]
[Site "Belfort"]
[Date "2017.04.19"]
[Round "5"]
[White "Belluire, Beatrice"]
[Black "Rollot, Florence"]
[Result "0-1"]
[WhiteElo "1786"]
[BlackElo "1973"]
[Annotator "NA"]
[PlyCount "62"]
[EventDate "2017.??.??"]
[EventCountry "FRA"]
[SourceTitle "playchess.com"]
[Source "ChessBase"]
[SourceQuality "1"]
[TimeControl "5400+30"]

{[%evp 9,55,22,16,31,26,28,18,32767,-2,-7,46,0,8,-12,-23,-20,-19,-30,32767,-50,32767,-36,32767,32767,-75,-96,32767,32767,32767,-187,-198,32767,-174,-267,-280,32767,32767,32767,32767,32767,32767,32767,32767,32767,32767,32767,-197,-189]} 1. e4 {[%emt 0:00:00]} c5 {[%emt 0:00:06]} 2. Nf3 {[%emt 0:00:00]} d6 {[%emt 0:00:07]} 3. Bb5+ {[%emt 0:00:00]} Nd7 {[%emt 0:00:06]} 4. d4 {[%emt 0:00:00]} Ngf6 {[%emt 0:00:09]} 5. Nc3 {[%emt 0:07:12]} cxd4 {[%emt 0:02:59]} 6. Qxd4 {[%emt 0:02:27]} a6 {[%emt 0:04:12] B51: Sicilian: Moscow Variation (3 Bb5+) without 3...Bd7} 7. Bxd7+ {[%emt 0:11:39] LiveBook: 82 Games} Bxd7 {[%emt 0:05:35]} 8. O-O {[%emt 0:02:52]} e5 {[%emt 0:04:43]} 9. Qd3 {[%emt 0:05:35]} Be7 {[%emt 0:01:38]} (9... h6 10. Nd2 b5 11. a4 Rb8 12. Rd1 Be7 13. axb5 axb5 14. Nf1 b4 15. Nd5 Nxd5 16. Qxd5 {½-½ (31) Anand,V (2816)-Topalov,V (2816) Saint Louis 2015}) 10. h3 {[%emt 0:03:53]} O-O {[%emt 0:02:17]} 11. Be3 {[%emt 0:01:08]} Rc8 {[%emt 0:02:46]} 12. a4 $146 {[%emt 0:04:33]} (12. Rfd1 Bc6 13. Rac1 b5 14. a3 Qc7 15. Bg5 Rfd8 16. Bxf6 Bxf6 {0-1 (50) Foughali,Y (1359)-Krupa,M (1808) Prague 2016}) 12... Be6 {[%emt 0:04:05]} 13. Rfe1 {[%emt 0:05:36]} h6 {[%emt 0:02:55]} 14. a5 {[%emt 0:02:19]} Qd7 {[%emt 0:04:08]} 15. Nd2 {[%emt 0:03:54]} Qc6 {[%emt 0:12:02]} 16. Rac1 {[%emt 0:12:03]} Bd8 {[%emt 0:08:26]} 17. Ra1 {[%emt 0:01:01]} d5 {[%emt 0:03:28]} 18. exd5 {[%emt 0:05:11]} Nxd5 {[%emt 0:00:21]} 19. Ndb1 $2 {[%emt 0:17:26]} (19. Nxd5 $11 {and White has nothing to worry.} Bxd5 20. f3) 19... Nb4 {[%emt 0:04:01]} 20. Qe2 {[%emt 0:02:17]} Bf5 {[%emt 0:01:45]} 21. Rc1 {[%emt 0:02:37]} (21. Na3 $142) 21... Qg6 {[%emt 0:01:20]} 22. Na3 {[%emt 0:01:18]} Bxa5 {[%emt 0:03:39]} 23. Nc4 {[%emt 0:00:33]} Bc7 {[%emt 0:00:47]} 24. Bc5 {[%emt 0:01:59]} Nxc2 {[%emt 0:00:57]} 25. Bxf8 {[%emt 0:04:04]} Nxa1 {[%emt 0:00:19]} 26. Rxa1 {[%emt 0:00:38]} Rxf8 {[%emt 0:00:55]} 27. Nxe5 {[%emt 0:00:23]} Bxe5 {[%emt 0:07:33]} 28. Qxe5 $19 {[%emt 0:00:01]} Rd8 {[%emt 0:00:37]} 29. Nd5 {[%emt 0:02:46]} Qe6 {[%emt 0:06:57]} 30. Ne7+ Kh8 {[%emt 0:00:08]} 31. Nxf5 {[%emt 0:01:23]} Qxe5 0-1

[Event "FRA-ch Youth 2017"]
[Site "Belfort"]
[Date "2017.04.19"]
[Round "5"]
[White "Chachiachvili, Mariam"]
[Black "Bartels, Karina"]
[Result "1/2-1/2"]
[WhiteElo "1742"]
[BlackElo "1759"]
[Annotator "NA"]
[PlyCount "104"]
[EventDate "2017.??.??"]
[EventCountry "FRA"]
[SourceTitle "playchess.com"]
[Source "ChessBase"]
[SourceQuality "1"]
[TimeControl "40/5400+30:1800+30"]

1. e4 {[%emt 0:00:00]} c5 {[%emt 0:00:12]} 2. Nf3 {[%emt 0:01:26]} e6 {[%emt 0:00:24]} 3. d4 {[%emt 0:00:33]} cxd4 {[%emt 0:00:03]} 4. Nxd4 {[%emt 0:00:02]} Nf6 {[%emt 0:00:19]} 5. Nc3 {[%emt 0:03:35]} d6 {[%emt 0:00:21]} 6. Be2 {[%emt 0:01:23]} Be7 {[%emt 0:01:21]} 7. O-O {[%emt 0:01:18]} O-O {[%emt 0:01:18]} 8. Be3 {[%emt 0:02:35]} Nc6 {[%emt 0:05:49]} 9. f4 {[%emt 0:02:25]} Bd7 {[%emt 0:00:06]} 10. Qe1 {[%emt 0:05:26]} e5 {[%emt 0:01:18] LiveBook: 5 Games B83: Sicilian Scheveningen: 6 Be2, lines without ...a6} 11. fxe5 {[%emt 0:14:25]} dxe5 {[%emt 0:02:50]} 12. Nf5 {[%emt 0:00:34]} Bxf5 $1 {[%emt 0:00:08]} 13. exf5 {[%emt 0:02:15]} Rc8 $146 {[%emt 0:12:43]} (13... Bb4 14. a3 Bxc3 15. Qxc3 Rc8 16. Qd3 Qe7 17. Rad1 Rfd8 18. Qb3 {0-1 (59) Vujacic,B (2261)-Damljanovic,B (2588) Skopje 2016}) 14. Qg3 {[%emt 0:06:31] [#]} (14. Kh1 $11) 14... Nd4 $1 {[%emt 0:07:59]} 15. Bd1 {[%emt 0:08:51]} ({Not} 15. Qxe5 $2 Nxe2+ 16. Nxe2 Ng4 $19) 15... Re8 {[%emt 0:11:59]} 16. Kh1 {[%emt 0:04:08]} ({Not} 16. Qxe5 $2 Bc5 17. Qg3 {[#]} Rxe3 $1 {[%mdl 512]} 18. Qxe3 Nxf5 $1 {[%mdl 512]} 19. Qxc5 Rxc5 $19) 16... Qb6 {[%emt 0:13:23]} 17. Bc1 {[%emt 0:08:06]} Qa6 {[%emt 0:10:01]} 18. Qe1 {[%emt 0:11:59] [#]} (18. Rf2 $17) 18... Bb4 $1 {[%emt 0:05:44]} 19. a3 {[%emt 0:05:18] [#]} Rxc3 $1 {[%emt 0:05:07]} 20. axb4 {[%emt 0:04:58]} Qxa1 {[%emt 0:00:10]} 21. bxc3 {[%emt 0:00:04]} Qxc1 {[%emt 0:00:33]} 22. cxd4 {[%emt 0:00:03]} exd4 {[%emt 0:00:25]} 23. Qf2 {[%emt 0:01:25] [#]} Qe3 $2 {[%emt 0:02:43]} (23... Qb2 $1 $19 {has better winning chances.} 24. h3 Qxb4) 24. Qxe3 {[%emt 0:00:46]} dxe3 {[%emt 0:02:28]} 25. Bf3 {[%emt 0:00:02]} Ne4 {[%emt 0:09:34]} 26. Re1 {[%emt 0:05:01]} g6 {[%emt 0:00:47]} 27. Kg1 {[%emt 0:04:09]} Nd2 {[%emt 0:02:49]} 28. Bxb7 {[%emt 0:00:55]} gxf5 {[%emt 0:00:09]} 29. g3 {[%emt 0:01:10]} Re7 {[%emt 0:00:35]} 30. Bd5 {[%emt 0:00:33]} Kg7 {[%emt 0:00:24]} 31. c4 {[%emt 0:01:05]} Kf6 {[%emt 0:00:26]} 32. Kg2 {[%emt 0:01:24]} f4 {[%emt 0:00:44]} 33. gxf4 {[%emt 0:00:43]} Kf5 {[%emt 0:00:54]} 34. Kg3 {[%emt 0:00:37]} f6 {[%emt 0:00:08]} 35. c5 {[%emt 0:01:56]} Rg7+ {[%emt 0:00:13]} 36. Kh3 {[%emt 0:00:01]} Kxf4 {[%emt 0:00:38]} 37. c6 {[%emt 0:00:58]} Ne4 {[%emt 0:01:53]} 38. Kh4 {[%emt 0:00:47]} Nc3 {[%emt 0:01:29]} 39. Bc4 {[%emt 0:01:28]} f5 {[%emt 0:00:37]} 40. Be6 {[%emt 0:00:00]} Ne4 {[%emt 0:01:01]} 41. Rf1+ {[%emt 0:06:10]} Nf2 {[%emt 0:09:30]} 42. Bd7 {[%emt 0:12:34]} Rg2 {[%emt 0:01:22]} 43. h3 {[%emt 0:00:58]} Rh2 {[%emt 0:00:23]} 44. Bxf5 {[%emt 0:03:16]} Kxf5 {[%emt 0:00:02]} 45. Kg3 {[%emt 0:00:16]} Rxh3+ {[%emt 0:00:07]} 46. Kg2 {[%emt 0:00:01]} Kf4 {[%emt 0:01:15]} 47. c7 {[%emt 0:03:59]} Rg3+ {[%emt 0:00:10]} 48. Kh2 {[%emt 0:00:02]} Rg8 {[%emt 0:00:15]} 49. Rg1 {[%emt 0:03:24]} Rc8 {[%emt 0:00:46]} 50. b5 {[%emt 0:02:28]} Rxc7 {[%emt 0:01:30]} 51. b6 {[%emt 0:00:02]} axb6 {[%emt 0:01:47]} 52. Rg7 {[%emt 0:00:05]} Ng4+ {[%emt 0:00:08]} 1/2-1/2

[Event "FRA-ch Youth 2017"]
[Site "Belfort"]
[Date "2017.04.19"]
[Round "5"]
[White "Rubsamen, Anais"]
[Black "Yuan, Beline"]
[Result "1-0"]
[WhiteElo "1610"]
[BlackElo "1845"]
[Annotator "NA"]
[PlyCount "128"]
[EventDate "2017.??.??"]
[EventCountry "FRA"]
[SourceTitle "playchess.com"]
[Source "ChessBase"]
[SourceQuality "1"]
[TimeControl "5400+30"]

{[%evp 8,112,30,32767,28,28,44,39,52,36,34,30,31,12,35,32,32,18,42,0,8,32767,32767,12,21,12,62,0,0,0,0,14,32767,32767,32767,10,32767,0,5,32767,32767,32767,3,32767,32767,32767,32767,32767,0,32767,32767,32767,32767,32767,32767,32767,32767,32767,32767,0,0,0,32767,32767,0,32767,0,0,32767,32767,32767,-94,32767,-132,0,32767,32767,32767,0,-16,-8,32767,32767,32767,32767,32767,-70,-73,-61,32767,-75,-76,-68,32767,-122,-146,-136,32767,32767,32767,-160,-164,-83,-32,-83,-83,-6]} 1. d4 {[%emt 0:00:00]} d5 {[%emt 0:00:25]} 2. c4 {[%emt 0:06:15]} dxc4 {[%emt 0:00:25]} 3. Nf3 {[%emt 0:00:33]} Nf6 {[%emt 0:00:15]} 4. e3 {[%emt 0:00:10]} Bg4 {[%emt 0:00:24]} 5. Bxc4 {[%emt 0:00:28]} e6 {[%emt 0:00:13]} 6. Nc3 {[%emt 0:00:48]} Nc6 {[%emt 0:04:17]} 7. h3 {[%emt 0:07:36]} Bh5 {[%emt 0:00:15]} 8. Be2 {[%emt 0:07:35]} Bd6 {[%emt 0:07:48]} 9. O-O {[%emt 0:03:13]} O-O {[%emt 0:03:28]} 10. b3 {[%emt 0:24:53]} a6 {[%emt 0:06:02]} 11. Bb2 {[%emt 0:00:40]} Qe7 {[%emt 0:05:36]} 12. Rc1 {[%emt 0:04:18]} Rad8 {[%emt 0:01:12] LiveBook: 5 Games} 13. Ne5 {[%emt 0:09:59] D22: Queen's Gambit Accepted: 3 Nf3 a6 4 e3} Nxe5 {[%emt 0:11:08]} 14. Bxh5 {[%emt 0:00:39]} Ned7 $146 {[%emt 0:11:11]} (14... Ng6 15. Bxg6 hxg6 16. Qf3 c6 17. Rfd1 e5 18. dxe5 Bxe5 19. Rxd8 Rxd8 20. Rd1 b5 {½-½ (62) Giri,A (2785)-Carlsen,M (2855) Bilbao 2016}) 15. Bf3 {[%emt 0:01:54]} c6 {[%emt 0:01:08]} 16. Qc2 {[%emt 0:02:36]} e5 {[%emt 0:04:04]} 17. Ne4 {[%emt 0:03:10]} Nxe4 {[%emt 0:06:09]} 18. Bxe4 {[%emt 0:00:20]} Nf6 {[%emt 0:00:19]} 19. dxe5 {[%emt 0:00:08]} Bxe5 {[%emt 0:00:23]} 20. Bxe5 {[%emt 0:00:05]} Qxe5 {[%emt 0:00:09]} 21. Bf3 {[%emt 0:00:08]} Rd6 {[%emt 0:02:33]} 22. Rfd1 {[%emt 0:00:18]} Rfd8 {[%emt 0:00:19]} 23. Rxd6 {[%emt 0:00:05]} Rxd6 {[%emt 0:00:14]} 24. b4 {[%emt 0:02:00]} h6 {[%emt 0:08:49]} 25. a4 {[%emt 0:00:50]} Ne8 {[%emt 0:10:42]} 26. Qa2 {[%emt 0:03:33]} Nc7 {[%emt 0:01:58]} 27. Rc5 {[%emt 0:01:40]} Qe6 {[%emt 0:01:02]} 28. Qc2 {[%emt 0:00:51]} Qd7 {[%emt 0:00:35]} 29. Bg4 {[%emt 0:01:28]} Qd8 {[%emt 0:01:22]} 30. Rc4 {[%emt 0:05:58]} Rd2 {[%emt 0:02:34]} 31. Qf5 {[%emt 0:00:47]} Ne8 {[%emt 0:03:59]} 32. Rc1 {[%emt 0:02:27]} Rd5 {[%emt 0:01:45]} 33. Qf4 {[%emt 0:01:31]} Qd6 {[%emt 0:00:28]} 34. Qc4 {[%emt 0:00:23]} Nc7 {[%emt 0:00:57]} 35. Bf3 {[%emt 0:01:02]} Rd2 {[%emt 0:00:20]} 36. Qc3 {[%emt 0:03:03]} g6 {[%emt 0:02:27]} 37. Rb1 {[%emt 0:03:07]} h5 {[%emt 0:00:43]} 38. Qc5 {[%emt 0:00:48]} Ne6 {[%emt 0:02:03]} 39. Qa5 {[%emt 0:01:20]} (39. Qxd6 $11 {remains equal.} Rxd6 40. g4) 39... Kh7 {[%emt 0:01:35]} 40. h4 {[%emt 0:01:51] [#]} (40. b5 $11) 40... Qc7 {[%emt 0:00:19]} (40... Qd3 $1 $17 {[%cal Rd3b1]} 41. Rf1 Rb2) 41. Qxc7 {[%emt 0:00:43]} Nxc7 {[%emt 0:00:01]} 42. Kf1 {[%emt 0:00:41]} Kg7 {[%emt 0:00:54]} 43. g4 {[%emt 0:00:38]} hxg4 {[%emt 0:00:34]} 44. Bxg4 {[%emt 0:00:03]} f5 {[%emt 0:00:37]} 45. Bf3 {[%emt 0:00:04]} Kf6 {[%emt 0:00:05]} 46. Be2 {[%emt 0:01:05]} Nd5 {[%emt 0:00:45]} 47. Rb3 {[%emt 0:00:36]} Ra2 {[%emt 0:00:33]} 48. b5 {[%emt 0:00:25]} Rxa4 {[%emt 0:00:13]} 49. bxc6 {[%emt 0:00:18]} bxc6 {[%emt 0:00:09]} 50. h5 {[%emt 0:00:15]} Ra1+ {[%emt 0:00:15]} 51. Kg2 {[%emt 0:00:07] [#]} gxh5 $1 {[%emt 0:00:37]} 52. Bxh5 {[%emt 0:00:10]} a5 {[%emt 0:01:11]} 53. Bf3 {[%emt 0:00:31]} a4 {[%emt 0:00:33]} 54. Rb8 {[%emt 0:00:13]} a3 {[%emt 0:00:43]} (54... Ke6 $19 {and Black stays clearly on top. White must now prevent ...a3.} 55. Rd8 Nc7) 55. Bxd5 $1 {[%emt 0:01:03]} cxd5 {[%emt 0:00:04]} 56. Ra8 {[%emt 0:00:16]} Ke5 $11 {[%emt 0:00:57]} ({Don't take} 56... a2 57. Ra6+ Ke7 58. Kf3 $17) 57. Kf3 {[%emt 0:00:09]} Kd6 {[%emt 0:00:39]} 58. Ra5 {[%emt 0:02:08]} Ra2 {[%emt 0:00:10]} 59. Kg3 {[%emt 0:00:36]} Ke6 {[%emt 0:00:44]} 60. Ra6+ {[%emt 0:00:13]} Ke5 {[%emt 0:00:22]} 61. Kf3 {[%emt 0:00:12]} Ra1 {[%emt 0:00:35]} 62. Ra5 {[%emt 0:00:29]} Ra2 {[%emt 0:00:29]} 63. Ra6 {[%emt 0:00:03]} Ra1 {[%emt 0:00:26]} 64. Ra5 {[%emt 0:00:03]} Ra2 {[%emt 0:00:33] Ke4+} 1-0